000
00327nam a2200145 a 4500
008
190522s2010|||| d
100
1
_a
MuldaĊĦev Ernst
245
1
0
_a
Z koho jsme vznikli?
260
_b
TML
_a
BA
_c
2010
250
_a
1.vydanie
300
_a
417S.
020
_a
9788025483510
_c
0
041
_a
cze
044
_a
cz
999
_c
20729
_d
20729